<?xml version="1.0" encoding="UTF-8"?>
<marc:record xmlns:marc="http://www.loc.gov/MARC21/slim">
   <marc:leader>00000nam a2200000 a 4500</marc:leader>
   <marc:datafield ind1="1" ind2=" " tag="100">
      <marc:subfield code="a">Kern, Ingolf</marc:subfield>
      <marc:subfield code="4">aut</marc:subfield>
      <marc:subfield code="e">Verfasser/-in</marc:subfield>
   </marc:datafield>
   <marc:datafield ind1="1" ind2=" " tag="100">
      <marc:subfield code="a">Ilijin, Zsuzsanna</marc:subfield>
      <marc:subfield code="4">ill</marc:subfield>
      <marc:subfield code="e">Illustrator/-in</marc:subfield>
   </marc:datafield>
   <marc:datafield ind1="1" ind2=" " tag="100">
      <marc:subfield code="a">Stein, Jutta</marc:subfield>
   </marc:datafield>
   <marc:datafield ind1=" " ind2=" " tag="653">
      <marc:subfield code="a">bauhaus</marc:subfield>
   </marc:datafield>
   <marc:datafield ind1=" " ind2=" " tag="653">
      <marc:subfield code="a">Architektur</marc:subfield>
   </marc:datafield>
   <marc:datafield ind1=" " ind2=" " tag="653">
      <marc:subfield code="a">Design</marc:subfield>
   </marc:datafield>
   <marc:datafield ind1=" " ind2=" " tag="653">
      <marc:subfield code="a">Bildersachbuch</marc:subfield>
   </marc:datafield>
   <marc:datafield ind1=" " ind2=" " tag="653">
      <marc:subfield code="a">Kunst</marc:subfield>
   </marc:datafield>
   <marc:datafield ind1=" " ind2=" " tag="653">
      <marc:subfield code="a">paul klee</marc:subfield>
   </marc:datafield>
   <marc:datafield ind1=" " ind2=" " tag="653">
      <marc:subfield code="a">mies van der rohe</marc:subfield>
   </marc:datafield>
   <marc:datafield ind1=" " ind2=" " tag="653">
      <marc:subfield code="a">anni albers</marc:subfield>
   </marc:datafield>
   <marc:datafield ind1=" " ind2=" " tag="653">
      <marc:subfield code="a">bauhaus design</marc:subfield>
   </marc:datafield>
   <marc:datafield ind1=" " ind2=" " tag="653">
      <marc:subfield code="a">marcel breuer</marc:subfield>
   </marc:datafield>
   <marc:datafield ind1=" " ind2=" " tag="653">
      <marc:subfield code="a">kinderbücher</marc:subfield>
   </marc:datafield>
   <marc:datafield ind1=" " ind2=" " tag="653">
      <marc:subfield code="a">bauhausstil</marc:subfield>
   </marc:datafield>
   <marc:datafield ind1=" " ind2=" " tag="653">
      <marc:subfield code="a">bauhaus schweiz</marc:subfield>
   </marc:datafield>
   <marc:datafield ind1=" " ind2=" " tag="653">
      <marc:subfield code="a">marianne brandt</marc:subfield>
   </marc:datafield>
   <marc:datafield ind1=" " ind2=" " tag="653">
      <marc:subfield code="a">bauhaus lampen</marc:subfield>
   </marc:datafield>
   <marc:datafield ind1=" " ind2=" " tag="653">
      <marc:subfield code="a">bauhaus architektur</marc:subfield>
   </marc:datafield>
   <marc:datafield ind1=" " ind2=" " tag="653">
      <marc:subfield code="a">bauhaus möbel</marc:subfield>
   </marc:datafield>
   <marc:datafield ind1=" " ind2=" " tag="653">
      <marc:subfield code="a">hannes meyer</marc:subfield>
   </marc:datafield>
   <marc:datafield ind1=" " ind2=" " tag="653">
      <marc:subfield code="a">bauhaus kunst</marc:subfield>
   </marc:datafield>
   <marc:datafield ind1=" " ind2=" " tag="653">
      <marc:subfield code="a">das bauhaus</marc:subfield>
   </marc:datafield>
   <marc:datafield ind1=" " ind2=" " tag="653">
      <marc:subfield code="a">lilly reich</marc:subfield>
   </marc:datafield>
   <marc:datafield ind1=" " ind2=" " tag="653">
      <marc:subfield code="a">friedl dicker</marc:subfield>
   </marc:datafield>
   <marc:datafield ind1=" " ind2=" " tag="653">
      <marc:subfield code="a">lucia moholy</marc:subfield>
   </marc:datafield>
   <marc:datafield ind1=" " ind2=" " tag="653">
      <marc:subfield code="a">bauhaus künstler</marc:subfield>
   </marc:datafield>
   <marc:datafield ind1=" " ind2=" " tag="653">
      <marc:subfield code="a">paul klee bauhaus</marc:subfield>
   </marc:datafield>
   <marc:datafield ind1=" " ind2=" " tag="653">
      <marc:subfield code="a">bauhausstil haus</marc:subfield>
   </marc:datafield>
   <marc:datafield ind1=" " ind2=" " tag="653">
      <marc:subfield code="a">stiftung bauhaus dessau</marc:subfield>
   </marc:datafield>
   <marc:datafield ind1=" " ind2=" " tag="653">
      <marc:subfield code="a">bauhaus haus</marc:subfield>
   </marc:datafield>
   <marc:datafield ind1=" " ind2=" " tag="653">
      <marc:subfield code="a">Softcover / Kinder- und Jugendbücher/Sachbücher</marc:subfield>
   </marc:datafield>
   <marc:datafield ind1=" " ind2=" " tag="653">
      <marc:subfield code="a">Sachbilderbücher/Kunst</marc:subfield>
   </marc:datafield>
   <marc:datafield ind1=" " ind2=" " tag="653">
      <marc:subfield code="a">Musik</marc:subfield>
   </marc:datafield>
   <marc:datafield ind1=" " ind2=" " tag="653">
      <marc:subfield code="a">Kindersachbuch</marc:subfield>
   </marc:datafield>
   <marc:datafield ind1=" " ind2=" " tag="653">
      <marc:subfield code="a">Sachbücher und Sachbilderbücher für Kinder und Jugendliche: Kunst</marc:subfield>
   </marc:datafield>
   <marc:datafield ind1="0" ind2="0" tag="245">
      <marc:subfield code="a">Mit dem Bauhaus um die Welt</marc:subfield>
   </marc:datafield>
   <marc:datafield ind1="0" ind2="0" tag="245">
      <marc:subfield code="b">folge den Spuren berühmter Bauhäusler</marc:subfield>
   </marc:datafield>
   <marc:datafield ind1="0" ind2="0" tag="245">
      <marc:subfield code="c">Ingolf Kern und Zsuzsuanna Ilijin in Zusammenarbeit mit Jutta Stein ; Bauhaus Dessau</marc:subfield>
   </marc:datafield>
   <marc:datafield ind1=" " ind2="1" tag="264">
      <marc:subfield code="a">Leipzig</marc:subfield>
      <marc:subfield code="b">E.A. Seemann Henschel GmbH &amp; Co. KG</marc:subfield>
   </marc:datafield>
   <marc:datafield ind1="1" ind2=" " tag="490">
      <marc:subfield code="a">E. A. Seemanns Bilderbande</marc:subfield>
   </marc:datafield>
   <marc:datafield ind1=" " ind2=" " tag="250">
      <marc:subfield code="a">1. Auflage</marc:subfield>
   </marc:datafield>
   <marc:datafield ind1="1" ind2=" " tag="520">
      <marc:subfield code="a">Angaben aus der Verlagsmeldung

Mit dem Bauhaus um die Welt : Folge den Spuren berühmter Bauhäusler / von Ingolf Kern

MIT PAUL KLEE, MIES VAN DER ROHE UND ANNI ALBERS AUF BAUHAUS-TOUR
Die Menschen am Bauhaus waren offen und experimentierfreudig, damit haben sie sich aber auch viele Feinde gemacht: Dieses Buch erklärt dir, warum das so war. Nach der Schließung der Schule 1933 in Berlin zogen einige Bauhäusler von Europa auf andere Kontinente. Wohin gingen Paul Klee, Mies van der Rohe, Anni Albers, Marcel Breuer, Fiedl Dicker und Arieh Sharon? Warum fanden ihre Entwürfe von schicken Bauhaus-Lampen, praktischen Möbelstücken oder eckigen Häusern auch in anderen Ländern viel Anklang? Wusstest du, dass Hannes Meyer, Marianne Brandt und Lilly Reich nach dem Ende des Bauhauses auch für Projekte in Moskau, Peking und Chicago gearbeitet haben? Und dass Paul Klee einer der Ersten war, die loszogen, um Inspirationen außerhalb Deutschlands zu sammeln? Er hat von seinen Reisen nach Kairo, Luxor und Assuan eine orientalische Farbpalette mitgebracht und beeindruckende Motive wie aus „Tausendundeiner Nacht“. Folge den Spuren der zehn ausgewählten Bauhäuslern und du wirst staunen: Die Bauhäusler haben ihr Bauhaus in fast allen Ländern der Erde berühmt gemacht.

-Eine spannende und informative Bauhaus-Geschichte
-Illustrierten Weltkarten zeigen Objekte und Lebensstationen
-Zehn Lebensläufe von berühmten Bauhäuslern
-Bilder von Lampen, Möbeln, Teppichen und Spielzeug
-Für Jungs und Mädchen ab acht Jahren

BAUHAUS-LAMPEN + BAUHAUS-MÖBEL + BAUHAUS BAUTEN = BAUHAUS-KUNST
Der Band nennt alle wichtigen Stätten, in denen Bauhaus nach seiner Schließung 1933 eine Rolle gespielt hat, präsentiert die relevanten Bereiche und Arbeiten aus den Werkstätten und bettet diese Informationen in die spannenden Lebensläufe von zehn Bauhäuslern ein. Illustriert werden Textilien, Lampen, Möbel, Gemälde, Spielzeug, Theaterentwürfe und natürlich auch Bauhaus-Bauten.

FÜNFTER BAND DER COOL ILLUSTRIERTEN BAUHAUS-KINDERBÜCHER
Das Buch ist, wie schon die vier Vorgängerbände, komplett illustriert. Das Vorsatzpapier zeigt eine Weltkarte mit den Objekten und Namen der Bauhäusler, das Nachsatzpapier präsentiert eine Weltkarte mit den Lebensstationen und Routen der Bauhäusler als roter Wollfaden.
Diese tollen Details wollen entdeckt werden und laden den Leser zu einer Tour um den Globus ein!
</marc:subfield>
   </marc:datafield>
   <marc:datafield ind1=" " ind2=" " tag="020">
      <marc:subfield code="a">9783865024282</marc:subfield>
      <marc:subfield code="9">9783865024282</marc:subfield>
   </marc:datafield>
   <marc:datafield ind1=" " ind2=" " tag="020">
      <marc:subfield code="a">3865024289</marc:subfield>
      <marc:subfield code="9">3865024289</marc:subfield>
   </marc:datafield>
   <marc:datafield ind1=" " ind2=" " tag="041">
      <marc:subfield code="a">ger</marc:subfield>
   </marc:datafield>
   <marc:datafield ind1=" " ind2=" " tag="300">
      <marc:subfield code="a">circa 56 ungezählte Seiten</marc:subfield>
   </marc:datafield>
</marc:record>
